| 000 | 00556nam a2200169 a 4500 | ||
|---|---|---|---|
| 001 | 000028339 | ||
| 005 | 20200930031544.0 | ||
| 008 | 110303s1985 dr 000 0 spa d | ||
| 040 |
_aDO-SdBNP _bspa _cBNPHU |
||
| 082 |
_axxx _bF356i |
||
| 111 | 2 |
_aFeria nacional del libro _n(13a. : _d1985 abr. - julio, 6- 13 : _cSanto Domingo) _955317 |
|
| 245 | 1 | 0 | _aPrograma. |
| 260 |
_aSanto Domingo : _bComisión Organizadora Permanente de la Feria del Libro, _c1985. |
||
| 300 |
_a54 p. ; _c23 cm. |
||
| 500 | _aEn homenaje a Dr. Vertilio alfau Durán | ||
| 049 | _aBNPD | ||
| 999 |
_c27831 _d27831 |
||